| 000 | 00825nam a22001817a 4500 | ||
|---|---|---|---|
| 003 | UA-OsUOA | ||
| 001 | 9794 | ||
| 007 | ta | ||
| 008 | 20041204b un ||||| |||| 00| 0 ukr d | ||
| 100 | _aПасєка Р. | ||
| 942 | _cSA | ||
| 040 |
_aUA-OsUOA _cUA-OsUOA _dUA-OsUOA |
||
| 245 |
_aРаїса Пасєка, яка живе... вдруге, повертає жінкам нев'янучу красу і молодість у чудовому салоні-студії "Елегант" _b[Про салон-студію "Елегант" . що у м. Кузнецовську. Розмова з дир. - Р. Пасєкою / Розмовляв О. Бялий] |
||
| 300 | _aС.4 | ||
| 955 | _a0 | ||
| 773 | 0 |
_w0 _tВільне слово _dРівне _d2004 _g№91/1 груд./ |
|
| 650 | 7 |
_aЕлегант _2UDC |
|
| 999 |
_c295955 _d295955 |
||